000 00441nam a2200181Ia 4500
005 20250423095348.0
008 250422s9999 xx 000 0 und d
020 _a9780273756934
050 _aHF 5636 .A8843/
100 _aAtrill, Peter.
245 0 _aFinancial management for decision makers
260 _aHarlow
260 _bPearson
260 _c2012
300 _a610 p
650 _aAccounting. Decision making.
942 _cBK
999 _c30047
_d30047